书目信息 |
| 题名: |
说岳全传
|
|
| 作者: | 钱彩 著 | |
| 分册: | ||
| 出版信息: | 北京 北京十月文艺出版社 1996.09 |
|
| 页数: | 636页 | |
| 开本: | 32开 | |
| 丛书名: | ||
| 单 册: | ||
| 中图分类: | I247.53 | |
| 科图分类: | ||
| 主题词: | 小说--中国 | |
| 电子资源: | ||
| ISBN: | 7-5302-0441-6 | |
| 000 | 00529nam0 2200193 45 | |
| 001 | 0009020908 | |
| 005 | 20000902090450.6 | |
| 010 | @a7-5302-0441-6@d20.50元 | |
| 100 | @a20000902d1996 km y0chiy0120 ea | |
| 101 | 0 | @achi |
| 105 | @a z 000yy | |
| 200 | 1 | @a说岳全传@AShuo Yue Quan Chuan@f钱彩著@FQian Cai Zhu |
| 210 | @a北京@c北京十月文艺出版社@d1996.09 | |
| 215 | @a636页@d32开 | |
| 606 | 0 | @a小说@x中国 |
| 690 | @aI247.53@v3 | |
| 701 | 0 | @a钱彩@4著 |
| 801 | @aCN@bPftUser@c20000902 | |
| 905 | @b114446-450@dI247.53@eQ.080@f5 | |
| 说岳全传/钱彩著.-北京:北京十月文艺出版社,1996.09 |
| 636页;32开 |
| ISBN 7-5302-0441-6:20.50元 |
| ● |
| 相关链接 |
|
|
|
正题名:说岳全传
索取号:I247.53/Q.080
 
预约/预借
| 序号 | 登录号 | 条形码 | 馆藏地/架位号 | 状态 | 备注 |
| 1 | 114446 | 201144467 | 文学库108/ [索取号:I247.53/Q.080] | 在馆 | |
| 2 | 114447 | 201144476 | 社科二线422/422社科库 4排2列5层/ [索取号:I247.53/Q.080] | 在馆 | |
| 3 | 114448 | 201144485 | 文学库108/ [索取号:I247.53/Q.080] | 在馆 | |
| 4 | 114450 | 201144500 | 文学库108/ [索取号:I247.53/Q.080] | 在馆 | |
| 5 | 202881 | 202028812 | 社科二线422/422社科库 17排1列5层/ [索取号:I247.53/Q.080] | 在馆 |